Le Figlie di San Paolo (Record n. 98516)
[ formato base ]
| 000 -LEADER | |
|---|---|
| fixed length control field | 00894nam a22001697a 4500 |
| 003 - CONTROL NUMBER IDENTIFIER | |
| control field | IT-RoPau |
| 005 - DATE AND TIME OF LATEST TRANSACTION | |
| control field | 20220918181105.0 |
| 008 - FIXED-LENGTH DATA ELEMENTS--GENERAL INFORMATION | |
| fixed length control field | 130514b xxu||||| |||| 00| 0 eng d |
| 040 ## - CATALOGING SOURCE | |
| Transcribing agency | IT-RoPau |
| 100 ## - MAIN ENTRY--PERSONAL NAME | |
| Personal name | Martini, Caterina |
| 9 (RLIN) | 532 |
| 245 ## - TITLE STATEMENT | |
| Title | Le Figlie di San Paolo |
| Remainder of title | Note per una storia 1915-1984 |
| 250 ## - EDITION STATEMENT | |
| Edition statement | 1° ed. |
| 260 ## - PUBLICATION, DISTRIBUTION, ETC. (IMPRINT) | |
| Place of publication, distribution, etc. | Roma |
| Name of publisher, distributor, etc. | Casa Generalizia FSP |
| Date of publication, distribution, etc. | 1994 |
| 300 ## - PHYSICAL DESCRIPTION | |
| Extent | 446 p. |
| Dimensions | 21 cm |
| 520 ## - SUMMARY, ETC. | |
| Summary, etc. | INDICE GENERALE<br/>Premessa;<br/>Presentazione;<br/>Introduzione;<br/>Fonti Bibliografiche;<br/>Sigle e Abbreviazioni;<br/>PRIMA PARTE<br/>Il periodo prefondazionale 1884-1914;<br/>SECONDA PARTE<br/>Dalla fondazione al termine della Seconda Guerra Mondiale 1915-1945;<br/>TERZA PARTE<br/>Dal dopo guerra alle Costituzioni rinnovate 1945-1984;<br/>CONCLUSIONE<br/>Appendice I: documenti;<br/>Appendice II: case;<br/>In cammino;<br/>Indice dei nomi;<br/>Indice degli argomenti principali;<br/>Indice dei documenti;<br/>Indice generale. |
| 942 ## - ADDED ENTRY ELEMENTS (KOHA) | |
| Source of classification or shelving scheme | Dewey Decimal Classification |
| Koha item type | LIBRO |
| Withdrawn status | Lost status | Source of classification or shelving scheme | Damaged status | Not for loan | Home library | Current library | Date acquired | Total Checkouts | Full call number | Date last seen | Price effective from | Koha item type |
|---|---|---|---|---|---|---|---|---|---|---|---|---|
| Dewey Decimal Classification | Buone Condizioni | Not For Loan | PAULUS-BIBLIOTECA | PAULUS-BIBLIOTECA | 14/05/2013 | P D4 | 14/05/2013 | 14/05/2013 | LIBRO | |||
| Dewey Decimal Classification | Buone Condizioni | Not For Loan | PAULUS-BIBLIOTECA | PAULUS-BIBLIOTECA | 14/05/2013 | P D4 | 14/05/2013 | 14/05/2013 | LIBRO | |||
| Dewey Decimal Classification | Buone Condizioni | Not For Loan | PAULUS-BIBLIOTECA | PAULUS-BIBLIOTECA | 14/05/2013 | P D4 | 14/05/2013 | 14/05/2013 | LIBRO | |||
| Dewey Decimal Classification | Buone Condizioni | Not For Loan | PAULUS-BIBLIOTECA | PAULUS-BIBLIOTECA | 14/05/2013 | P D4 | 14/05/2013 | 14/05/2013 | LIBRO | |||
| Dewey Decimal Classification | Buone Condizioni | Not For Loan | PAULUS-BIBLIOTECA | PAULUS-BIBLIOTECA | 25/05/2013 | P D4 | 25/05/2013 | 25/05/2013 | LIBRO |